000 00528nam a2200169Ia 4500
008 150121s9999 xx 000 0 und d
020 _a1908-3866
245 _aAni :
_bLetran Calamba Research Report /
_h[electronic resource]
260 _bColegio de San Juan de Letran Calamba,
_c2011.
516 _aElectronic text
650 _aArts and SciencesManagement.
650 _aEngineering.
650 _aNursing.
830 _aPhilippine E-Journals
856 _uhttp://www.ejournals.ph/index.php?journal=ANI
942 _cEJ
999 _c276983
_d276983